| 000 | 00790nam a22002297a 4500 | ||
|---|---|---|---|
| 001 | 3311 | ||
| 003 | FISKH | ||
| 005 | 20240227084846.0 | ||
| 008 | 240227b cb ||||| |||| 00| 0 eng d | ||
| 040 |
_aFISK _beng _cFISK _dFISK |
||
| 050 | _aPZ7.A448 | ||
| 082 | _a823.914 | ||
| 100 |
_aAlmond Davin : _d1951 |
||
| 245 |
_aHeaven eyes / _cDavid Almond |
||
| 260 |
_aNew York : _bDavid Almond, _c2000 |
||
| 300 |
_a230 pages : _b19 cm : |
||
| 501 | _aH | ||
| 520 | _aHaving escaped from their orphanage on a raft, Erin, January, and Mouse float down into another world of abandoned warehouses and factories, meeting a strange old man and an even stranger girl with webbed fingers and little memory of her past. | ||
| 521 | 8 |
_a480 _bH |
|
| 700 | _aDavid Almond | ||
| 942 |
_2ddc _cBK _n0 |
||
| 999 |
_c3311 _d3311 |
||